[Event "Sautron op 14th"]
[Site "Sautron"]
[Date "2014.10.26"]
[Round "3"]
[White "Gailliegue, Florian"]
[Black "Maiorov, Nikita"]
[Result "0-1"]
[WhiteElo "2102"]
[BlackElo "2583"]
[PlyCount "56"]
[EventDate "2014.10.26"]
[EventType "swiss"]
[EventRounds "9"]
[EventCountry "FRA"]
[SourceTitle "EXT 2016"]
[Source "ChessBase"]
[SourceDate "2015.10.08"]
[SourceVersion "1"]
[SourceVersionDate "2015.10.08"]
[SourceQuality "1"]

1. d4 Nf6 2. c4 e6 3. Nc3 Bb4 4. e3 0-0 5. Nge2 d5 6. a3 Be7 7. cxd5 exd5 8. Nf4 c6 9. Bd3 a5 10. 0-0 Na6 11. f3 Nc7 12. Bc2 b6 13. Kh1 c5 14. g4 Bb7 15. h4 Bd6 16. Nce2 Ne6 17. Nxe6 fxe6 18. Kg2 e5 19. Ng3 exd4 20. exd4 Bxg3 21. Kxg3 Qc7+ 22. f4 cxd4 23. Rf2 Ne4+ 24. Bxe4 dxe4 25. Qxd4 Rad8 26. Qa4 Rd3+ 27. Kh2 e3 28. Rf1 b5 0-1

[Event "Sautron op 14th"]
[Site "Sautron"]
[Date "2014.10.25"]
[Round "1"]
[White "Gailliegue, Florian"]
[Black "Neelotpal, Das"]
[Result "0-1"]
[WhiteElo "2102"]
[BlackElo "2424"]
[PlyCount "48"]
[EventDate "2014.10.26"]
[EventType "swiss"]
[EventRounds "9"]
[EventCountry "FRA"]
[SourceTitle "EXT 2015"]
[Source "ChessBase"]
[SourceDate "2014.11.20"]
[SourceVersion "1"]
[SourceVersionDate "2014.11.20"]
[SourceQuality "1"]

1. d4 Nf6 2. c4 e6 3. Nc3 Bb4 4. e3 0-0 5. Nge2 d5 6. a3 Be7 7. cxd5 exd5 8. Nf4 c6 9. Bd3 Bd6 10. Nce2 a5 11. Bd2 Re8 12. Qc2 Ne4 13. Rc1 Nd7 14. f3 Qh4+ 15. g3 Nxg3 16. Ng2 Qh5 17. hxg3 Qxh1+ 18. Kf2 Qh2 19. e4 dxe4 20. fxe4 Nf6 21. e5 Ng4+ 22. Kf1 Bf8 23. Bf4 Be6 24. Nc3 Qh1+ 0-1

[Event "Paris-ch op-B 87th"]
[Site "Paris"]
[Date "2012.07.13"]
[Round "7"]
[White "Gailliegue, Florian"]
[Black "Guiot, Jerome"]
[Result "1-0"]
[WhiteElo "1984"]
[BlackElo "2110"]
[PlyCount "81"]
[EventDate "2012.07.07"]
[EventType "swiss"]
[EventRounds "9"]
[EventCountry "FRA"]
[SourceTitle "EXT 2013"]
[Source "ChessBase"]
[SourceDate "2012.11.22"]
[SourceVersion "1"]
[SourceVersionDate "2012.11.22"]
[SourceQuality "1"]

1. d4 Nf6 2. Nc3 c5 3. d5 d6 4. e4 g6 5. h4 Bg7 6. h5 Nxh5 7. Be2 Nf6 8. g4 a6 9. a4 e5 10. dxe6 Bxe6 11. Bf4 d5 12. Bg5 d4 13. e5 dxc3 14. Qxd8+ Kxd8 15. exf6 Bf8 16. b3 Bd6 17. Bh6 Re8 18. Be3 Nd7 19. 0-0-0 Kc7 20. g5 b5 21. a5 Nf8 22. Nh3 Bf5 23. Nf4 Kc6 24. Rxd6+ Kxd6 25. Rd1+ Kc6 26. Nd5 Rxe3 27. fxe3 Rb8 28. Bf3 Re8 29. Nb4+ Kc7 30. Nxa6+ Kc8 31. Nxc5 Kb8 32. Na6+ Kc8 33. Bc6 Rxe3 34. Nb4 Ne6 35. Bxb5 Nxg5 36. Nd5 Re5 37. a6 Kb8 38. Nxc3 Ne6 39. Rd7 Nc7 40. a7+ Kxa7 41. Rxc7+ 1-0

[Event "Champigny sur Marne op 6th"]
[Site "Champigny sur Marne"]
[Date "2006.02.18"]
[Round "4"]
[White "Gailliegue, Florian"]
[Black "Da Costa, Manuel"]
[Result "1/2-1/2"]
[WhiteElo "1850"]
[BlackElo "1480"]
[PlyCount "52"]
[EventDate "2006.02.16"]
[EventType "swiss"]
[EventRounds "6"]
[EventCountry "FRA"]
[SourceTitle "EXT 2007"]
[Source "ChessBase"]
[SourceDate "2006.11.23"]
[SourceVersion "1"]
[SourceVersionDate "2006.11.23"]
[SourceQuality "1"]

1. d4 d5 2. c4 c6 3. Nf3 Nf6 4. Nc3 Bg4 5. e3 e6 6. cxd5 exd5 7. Be2 Bb4 8. Bd2 0-0 9. 0-0 Nbd7 10. Ng5 Bxe2 11. Qxe2 Re8 12. a3 Bd6 13. b4 a6 14. Rab1 Qc7 15. Nf3 Re7 16. Rfc1 Rae8 17. a4 Qb8 18. b5 cxb5 19. axb5 a5 20. b6 Bb4 21. Na4 Bxd2 22. Qxd2 Qa8 23. Rb5 Ne4 24. Qxa5 Rc8 25. Rxc8+ Qxc8 26. Rxd5 Qc2 1/2-1/2

[Event "FRA-ch U12"]
[Site "Aix les Bains"]
[Date "2006.??.??"]
[Round "4"]
[White "Viers, Emmanuel"]
[Black "Gailliegue, Florian"]
[Result "1-0"]
[WhiteElo "1691"]
[BlackElo "1850"]
[PlyCount "49"]
[EventDate "2006.04.16"]
[EventType "swiss"]
[EventRounds "9"]
[EventCountry "FRA"]
[SourceTitle "EXT 2007"]
[Source "ChessBase"]
[SourceDate "2006.11.23"]
[SourceVersion "1"]
[SourceVersionDate "2006.11.23"]
[SourceQuality "1"]

1. e4 e6 2. d4 d5 3. Nd2 Nf6 4. e5 Nfd7 5. Bd3 c5 6. c3 Nc6 7. Ne2 Qb6 8. Nf3 f6 9. Nf4 cxd4 10. cxd4 Bb4+ 11. Kf1 Ke7 12. a3 fxe5 13. Nxe5 Ncxe5 14. dxe5 Bc5 15. Qh5 Kd8 16. Qf7 Re8 17. b4 Bd4 18. Nxd5 exd5 19. Bg5+ Nf6 20. exf6 Bxf6 21. Qxd5+ Bd7 22. Bxf6+ Qxf6 23. Rd1 Rb8 24. Bb5 Qe7 25. Qxd7+ 1-0